The Mos System (Record no. 51700)

MARC details
000 -LEADER
fixed length control field 00649nam a2200157 a 4500
008 - FIXED-LENGTH DATA ELEMENTS--GENERAL INFORMATION
fixed length control field 200820s2014 ||||||||||||||||| || u
020 ## - INTERNATIONAL STANDARD BOOK NUMBER
International Standard Book Number 9781107005938
050 ## - LIBRARY OF CONGRESS CALL NUMBER
Classification number TK 7878.99 .M44 Eng
100 ## - MAIN ENTRY--PERSONAL NAME
Personal name Engstrom, Olof
245 14 - TITLE STATEMENT
Title The Mos System
Statement of responsibility, etc. By Olof Engstrom
260 ## - PUBLICATION, DISTRIBUTION, ETC.
Place of publication, distribution, etc. Cambridge
Name of publisher, distributor, etc. Cambridge University Press
Date of publication, distribution, etc. 2014
300 ## - PHYSICAL DESCRIPTION
Extent 355 pages : illustrations
650 ## - SUBJECT ADDED ENTRY--TOPICAL TERM
Topical term or geographic name entry element METAL OXIDE SEMICONDUCTORS--MATHEMATICAL MODELS
650 ## - SUBJECT ADDED ENTRY--TOPICAL TERM
Topical term or geographic name entry element SEMICONDUCTORS--MATHEMATICAL MODELS
995 ## - RECOMMENDATION 995 [LOCAL, UNIMARC FRANCE]
-- 104.38
-- CBU-MAIN LIBRARY (Kitwe)
-- 1
-- AVAILABLE
-- Aug 27, 2020
-- Main Library Open Access Collection
Holdings
Withdrawn status Lost status Source of classification or shelving scheme Damaged status Not for loan Home library Current library Shelving location Date acquired Total Checkouts Full call number Barcode Date last seen Price effective from Koha item type
          CBU-MAIN LIBRARY, KITWE. CBU-MAIN LIBRARY, KITWE.   11/30/2022   TK 7878.99 .M44 Eng 750186 11/30/2022 11/30/2022 MONOGRAPH